000
00410nam a22001697a 4500
003
MPLRDC
005
20220104144024.0
008
210129b ||||| |||| 00| 0 eng d
082
_a
448.8 WWZ
100
_a
王汉祯编
245
_a
少年无线电入门
_c
250
_a
初版
260
_a
_b
福建科学技术出版社
_c
1983
300
_b
平
650
_a
无线电工学
942
_c
BK
_o
448.8 WWZ
999
_c
45621
_d
45611